[Event "Madrid ch  2012-13 - Semifinal A"]
[Site "Madrid ESP"]
[Date "2013.03.14"]
[Round "4.7"]
[White "Alvarez Abejon, Amilcar"]
[Black "Lorenzo Bailador, Alfredo"]
[Result "1/2-1/2"]
[WhiteElo "2095"]
[BlackElo "2016"]
[PlyCount "81"]
[EventDate "2013.03.11"]
[EventType "swiss"]
[EventRounds "9"]
[EventCountry "ESP"]
[Source "lmi"]
[SourceDate "2013.03.11"]

1. d4 d5 2. c4 e6 3. Nc3 Be7 4. Nf3 Nf6 5. Bf4 O-O 6. e3 c5 7. dxc5 Bxc5 8. a3
Nc6 9. Qc2 Qa5 10. O-O-O Be7 11. h4 a6 12. Ng5 dxc4 13. Nce4 Nxe4 14. Qxe4 f5
15. Qxc4 Qc5 16. Kb1 Qxc4 17. Bxc4 Bxg5 18. hxg5 Rd8 19. Bc7 Rxd1+ 20. Rxd1 Kf7
21. b4 b5 22. Bb3 Ra7 23. Bb6 Rb7 24. Bc5 Rd7 25. Rxd7+ Bxd7 26. f4 Ne7 27.
Bxe7 Kxe7 28. Kc2 Bc6 29. g3 Kd6 30. Kc3 e5 31. Bg8 h6 32. gxh6 gxh6 33. Bb3
Bd5 34. Bc2 Ke6 35. Bd3 Bb7 36. Be2 Kd6 37. Bh5 Bc6 38. Be2 Bb7 39. Bd3 Ke6 40.
Be2 Bc6 41. Bd3 1/2-1/2

[Event "Madrid ch  2012-13 - Semifinal A"]
[Site "Madrid ESP"]
[Date "2013.03.14"]
[Round "4.8"]
[White "Pinel Mirasierra, Jose Pablo"]
[Black "Rosa Ramirez, Victor D"]
[Result "1-0"]
[WhiteElo "1928"]
[BlackElo "1945"]
[PlyCount "107"]
[EventDate "2013.03.11"]
[EventType "swiss"]
[EventRounds "9"]
[EventCountry "ESP"]
[Source "lmi"]
[SourceDate "2013.03.11"]

1. c4 Nf6 2. g3 c5 3. Bg2 Nc6 4. Nf3 g6 5. O-O Bg7 6. Nc3 O-O 7. d3 d6 8. Re1
Bd7 9. Bg5 a6 10. Qd2 Re8 11. Nd5 Nxd5 12. cxd5 Nd4 13. Nxd4 Bxd4 14. Rac1 Qb6
15. e3 Bg7 16. e4 Qxb2 17. Qxb2 Bxb2 18. Rb1 Bc3 19. Rec1 Bb4 20. d4 b5 21. Rb3
Rac8 22. a3 Ba5 23. dxc5 dxc5 24. e5 c4 25. Rb2 Kg7 26. d6 f6 27. Bf4 Rc5 28.
exf6+ exf6 29. h4 c3 30. Rbb1 Re2 31. Bf3 Ra2 32. Re1 Bd8 33. Rb4 Bf5 34. g4
Bd3 35. Rd4 g5 36. hxg5 fxg5 37. Bc1 Bg6 38. Bd5 Rb2 39. d7 Kf8 40. f4 Rc7 41.
Be6 Rb7 42. fxg5 Rb8 43. Rf4+ Kg7 44. Be3 Bxg5 45. Bd4+ Kh6 46. Rf3 Bc2 47.
Bxc3 Rb1 48. Rh3+ Kg6 49. Bf5+ Kf7 50. Rxh7+ Kg8 51. Rxb1 Bxf5 52. Rg7+ Kf8 53.
gxf5 Be3+ 54. Kg2 1-0

[Event "Madrid ch  2012-13 - Semifinal A"]
[Site "Madrid ESP"]
[Date "2013.03.14"]
[Round "4.9"]
[White "Baeza Escudero, Javier"]
[Black "Gonzalez Perez, Pedro"]
[Result "1/2-1/2"]
[WhiteElo "2015"]
[BlackElo "2040"]
[PlyCount "88"]
[EventDate "2013.03.11"]
[EventType "swiss"]
[EventRounds "9"]
[EventCountry "ESP"]
[Source "lmi"]
[SourceDate "2013.03.11"]

1. d4 f5 2. c4 Nf6 3. Nc3 e6 4. g3 d5 5. Bg2 c6 6. cxd5 exd5 7. Nf3 Bd6 8. O-O
O-O 9. Ne1 Qe7 10. Nd3 Ne4 11. Bf4 Nd7 12. Qc2 Ndf6 13. Rab1 Bd7 14. a4 Rae8
15. Bxd6 Qxd6 16. a5 a6 17. Na4 Qe7 18. e3 Nd6 19. Ne5 Bc8 20. Nc5 Nd7 21. Ncd3
Nxe5 22. Nxe5 Nf7 23. f4 Nd6 24. Qd2 Qd8 25. Rf2 Re7 26. Rbf1 Ree8 27. Bf3 Qe7
28. b3 Be6 29. h3 Ne4 30. Bxe4 dxe4 31. Qc3 Rd8 32. Rh2 Rd5 33. b4 Rb5 34. Rb1
Kh8 35. g4 Qh4 36. Rg2 Kg8 37. g5 Qxh3 38. Rbb2 Qh5 39. Rbd2 Qe8 40. Rh2 Qe7
41. Rb2 Bf7 42. Qe1 Bg6 43. Qh4 Rxb4 44. Qe1 Rb5 1/2-1/2

[Event "Madrid ch  2012-13 - Semifinal A"]
[Site "Madrid ESP"]
[Date "2013.03.14"]
[Round "4.10"]
[White "Dierssen Garcia-Barredo, Guill"]
[Black "Gonzalez Mateos, Rafael"]
[Result "1/2-1/2"]
[WhiteElo "1887"]
[BlackElo "2110"]
[PlyCount "105"]
[EventDate "2013.03.11"]
[EventType "swiss"]
[EventRounds "9"]
[EventCountry "ESP"]
[Source "lmi"]
[SourceDate "2013.03.11"]

1. d4 Nf6 2. c4 e6 3. Nc3 Bb4 4. e3 Nc6 5. Nge2 Ne4 6. Qc2 f5 7. a3 Bxc3+ 8.
Nxc3 Nxc3 9. Qxc3 d6 10. b4 O-O 11. Bb2 Qf6 12. Bd3 e5 13. b5 exd4 14. Qc2 Ne5
15. Bxd4 Be6 16. f4 Nxd3+ 17. Qxd3 Qf7 18. Rc1 a6 19. Qc3 Rfc8 20. O-O c5 21.
bxc6 Rxc6 22. Qb4 Bxc4 23. Rf3 d5 24. Rg3 Rg6 25. Rxg6 hxg6 26. Qb6 Rc8 27. Rb1
Bd3 28. Rb2 Bb5 29. a4 Rc1+ 30. Kf2 Bc6 31. Qd8+ Qf8 32. Qg5 Qe8 33. a5 Bb5 34.
h4 Rc7 35. Bb6 Rd7 36. Rd2 Bc4 37. Rd1 Qe6 38. Bd4 Qe7 39. Qxg6 Qxh4+ 40. Kf3
Rf7 41. Qe6 Qg4+ 42. Kf2 Qxd1 43. Qe8+ Rf8 44. Qe6+ Kh7 45. Qe7 Qe2+ 46. Kg1
Qe1+ 47. Kh2 Rg8 48. Qg5 Be2 49. Qxf5+ g6 50. Qf7+ Kh6 51. Qxg8 Qh4+ 52. Kg1
Qe1+ 53. Kh2 1/2-1/2

[Event "Madrid ch  2012-13 - Semifinal A"]
[Site "Madrid ESP"]
[Date "2013.03.14"]
[Round "4.11"]
[White "Perez Cameselle, Francisco Jose"]
[Black "Spitzer Isbert, Ramon"]
[Result "0-1"]
[WhiteElo "1875"]
[BlackElo "2089"]
[PlyCount "86"]
[EventDate "2013.03.11"]
[EventType "swiss"]
[EventRounds "9"]
[EventCountry "ESP"]
[Source "lmi"]
[SourceDate "2013.03.11"]

1. Nf3 c5 2. g3 Nc6 3. Bg2 d6 4. O-O Bg4 5. h3 Bh5 6. c4 e6 7. Nc3 Be7 8. d3
Nf6 9. a3 O-O 10. g4 Bg6 11. Nh4 Nd7 12. Nxg6 fxg6 13. e3 h5 14. gxh5 gxh5 15.
Qxh5 Nce5 16. Qe2 Nf6 17. Bxb7 Rb8 18. Bg2 Ng6 19. b4 Nh4 20. b5 Qe8 21. Kh1
Nxg2 22. Kxg2 Qg6+ 23. Kh2 d5 24. e4 d4 25. Rg1 Qh7 26. Nd1 Nh5 27. Qg4 Bd6+
28. Kh1 Rbe8 29. Ra2 Bf4 30. Bd2 Rf6 31. f3 Qh6 32. Be1 Be3 33. Nxe3 dxe3 34.
Qg5 Qh7 35. Qxe3 Ref8 36. Rh2 Rxf3 37. Qxc5 Nf4 38. h4 Nh3 39. Qxa7 Nxg1 40.
Kxg1 Rf1+ 41. Kg2 Rxe1 42. Rh3 Qg6+ 43. Kh2 Re2+ 0-1

[Event "Madrid ch  2012-13 - Semifinal A"]
[Site "Madrid ESP"]
[Date "2013.03.14"]
[Round "4.12"]
[White "Fuentes Arjona, Antonio"]
[Black "Cano Mercado, Francisco Manuel"]
[Result "1-0"]
[WhiteElo "2013"]
[BlackElo "1870"]
[PlyCount "131"]
[EventDate "2013.03.11"]
[EventType "swiss"]
[EventRounds "9"]
[EventCountry "ESP"]
[Source "lmi"]
[SourceDate "2013.03.11"]

1. e4 c6 2. d4 d5 3. exd5 cxd5 4. c4 Nf6 5. Nc3 Nc6 6. Nf3 e6 7. Be3 Be7 8. Be2
O-O 9. O-O dxc4 10. Bxc4 Nb4 11. Ne5 Nbd5 12. Qb3 Nb6 13. Be2 Nbd5 14. Bf3 Nxc3
15. bxc3 Nd5 16. c4 Nxe3 17. fxe3 Qc7 18. c5 Rb8 19. Rab1 Bf6 20. Nc4 e5 21.
Nd6 exd4 22. Bd5 Be6 23. Rxf6 Bxd5 24. Qxd5 gxf6 25. Qxd4 Qd7 26. Rf1 Rbe8 27.
Nxe8 Qxe8 28. Rxf6 Qe7 29. Rf3 f6 30. Kf2 Qe6 31. a4 Qa2+ 32. Kg3 Qf7 33. h3
Qc7+ 34. Kh4 Qe7 35. Rf5 Qg7 36. Qg4 Qxg4+ 37. Kxg4 Kf7 38. Rh5 Kg6 39. Rd5 Re8
40. Kf4 Re7 41. g4 Rc7 42. g5 fxg5+ 43. Rxg5+ Kf6 44. Rd5 Rc6 45. e4 Rc7 46. h4
Ke6 47. Rh5 Rf7+ 48. Rf5 Rc7 49. Ke3 Rg7 50. Kd4 Rg1 51. Rh5 Rg7 52. Rd5 Rg4
53. Rd6+ Ke7 54. Rh6 Rg7 55. a5 Kd7 56. a6 Kc7 57. Kd5 bxa6 58. Rxa6 Kb7 59.
Rd6 a5 60. Rb6+ Ka7 61. Rd6 a4 62. c6 Kb6 63. Rd7 Rxd7+ 64. cxd7 Kc7 65. Ke6
Kd8 66. Kd6 1-0

[Event "Madrid ch  2012-13 - Semifinal A"]
[Site "Madrid ESP"]
[Date "2013.03.14"]
[Round "4.13"]
[White "Lopez Heras, Arturo"]
[Black "Hernandez Garcia, Carlos"]
[Result "1-0"]
[WhiteElo "1946"]
[BlackElo "2025"]
[PlyCount "67"]
[EventDate "2013.03.11"]
[EventType "swiss"]
[EventRounds "9"]
[EventCountry "ESP"]
[Source "lmi"]
[SourceDate "2013.03.11"]

1. e4 c5 2. Nf3 d6 3. d4 cxd4 4. Nxd4 Nf6 5. Nc3 a6 6. Be3 e6 7. g4 e5 8. Nf5
g6 9. g5 gxf5 10. gxf6 f4 11. Bd2 Nd7 12. Bc4 Nxf6 13. Qe2 Be6 14. Nd5 Nxd5 15.
exd5 Bf5 16. Bxf4 Be7 17. Bxe5 O-O 18. Rg1+ Bg6 19. Bd4 Bg5 20. Be3 Qa5+ 21. c3
Bf6 22. Kf1 Kh8 23. Rd1 Rae8 24. Qf3 Qd8 25. Bd3 Bg7 26. Qg3 Be5 27. f4 Bf6 28.
f5 Bh5 29. Re1 Rg8 30. Qh3 Rxg1+ 31. Bxg1 Bh4 32. Re4 Qg5 33. Be3 Qg4 34. Rxg4
1-0

[Event "Madrid ch  2012-13 - Semifinal A"]
[Site "Madrid ESP"]
[Date "2013.03.14"]
[Round "4.14"]
[White "Martin-Consuegra Barrilero, Francisco Javier"]
[Black "Morera Rodriguez, Ignacio"]
[Result "1/2-1/2"]
[WhiteElo "1886"]
[BlackElo "1866"]
[PlyCount "117"]
[EventDate "2013.03.11"]
[EventType "swiss"]
[EventRounds "9"]
[EventCountry "ESP"]
[Source "lmi"]
[SourceDate "2013.03.11"]

1. d4 Nf6 2. Bf4 g6 3. e3 Bg7 4. Be2 O-O 5. Nf3 d6 6. O-O h6 7. h3 Nfd7 8. c3
e5 9. Bh2 Nc6 10. a4 b6 11. Na3 Bb7 12. Rc1 f5 13. b4 e4 14. Nd2 Qe7 15. Nc2
Nd8 16. b5 Ne6 17. Nb4 Nf6 18. Qb3 Kh8 19. Bc4 Nd8 20. Nd5 Nxd5 21. Bxd5 g5 22.
Bxb7 Nxb7 23. Qd5 Na5 24. Rce1 Qf7 25. Qxf7 Rxf7 26. f3 exf3 27. Rxf3 Re8 28.
Kf1 Kg8 29. g4 Ref8 30. Rxf5 Rxf5+ 31. gxf5 Rxf5+ 32. Ke2 Kf7 33. e4 Rf6 34.
Kd3 Rf2 35. Rf1 Rxf1 36. Nxf1 Nb7 37. Ne3 Ke6 38. Nf5 Bf8 39. Ne3 Nd8 40. Nd5
c6 41. bxc6 Nxc6 42. Nxb6 axb6 43. d5+ Kd7 44. dxc6+ Kxc6 45. Bg1 Bg7 46. Be3
Be5 47. Bg1 h5 48. c4 g4 49. hxg4 hxg4 50. Ke2 Bg3 51. Be3 Bh4 52. Bd4 Kb7 53.
e5 dxe5 54. Bxe5 Kc6 55. Bd4 Be7 56. Kf1 Bc5 57. Bc3 Kd6 58. a5 bxa5 59. Bxa5
1/2-1/2

[Event "Madrid ch  2012-13 - Semifinal A"]
[Site "Madrid ESP"]
[Date "2013.03.14"]
[Round "4.15"]
[White "Montes De Santiago, Fernando"]
[Black "Saber, Salah"]
[Result "1-0"]
[WhiteElo "1840"]
[BlackElo "1863"]
[PlyCount "97"]
[EventDate "2013.03.11"]
[EventType "swiss"]
[EventRounds "9"]
[EventCountry "ESP"]
[Source "lmi"]
[SourceDate "2013.03.11"]

1. d4 Nf6 2. Nf3 d6 3. Bg5 Nbd7 4. e3 h6 5. Bh4 e6 6. Bd3 Be7 7. Nbd2 c6 8. c3
d5 9. O-O g5 10. Bg3 Nh5 11. Ne5 Nxg3 12. fxg3 Nxe5 13. dxe5 Qc7 14. Qh5 Qxe5
15. Qxf7+ Kd8 16. Rae1 Rf8 17. Qh7 Rxf1+ 18. Bxf1 g4 19. Qxh6 Bg5 20. Qf8+ Kc7
21. Nb3 Bxe3+ 22. Kh1 Qg5 23. Nd4 Bxd4 24. cxd4 Rb8 25. Qf4+ Qxf4 26. gxf4 Bd7
27. Re5 Rf8 28. g3 Rf5 29. Be2 Rxe5 30. dxe5 d4 31. Bxg4 c5 32. Be2 Bc6+ 33.
Kg1 Kd7 34. Kf2 Ke7 35. Bd3 b5 36. b3 Bd5 37. Bxb5 Kf7 38. Bd3 a5 39. Ke2 Kg7
40. g4 a4 41. Bc4 axb3 42. axb3 Bxc4+ 43. bxc4 Kg6 44. Kd3 Kf7 45. Ke4 Kg6 46.
h4 Kf7 47. f5 exf5+ 48. gxf5 Kg7 49. h5 1-0

[Event "Madrid ch  2012-13 - Semifinal A"]
[Site "Madrid ESP"]
[Date "2013.03.18"]
[Round "5.1"]
[White "De La Puerta Cresis, Javier"]
[Black "Cortes Jurado, Rafael"]
[Result "1/2-1/2"]
[WhiteElo "2019"]
[BlackElo "2085"]
[PlyCount "41"]
[EventDate "2013.03.11"]
[EventType "swiss"]
[EventRounds "9"]
[EventCountry "ESP"]
[Source "lmi"]
[SourceDate "2013.03.11"]

1. e4 e5 2. Nf3 Nf6 3. d4 Nxe4 4. Bd3 d5 5. Nxe5 Nd7 6. Nxd7 Bxd7 7. O-O Bd6 8.
Bxe4 dxe4 9. Nc3 O-O 10. Nxe4 Bxh2+ 11. Kxh2 Qh4+ 12. Kg1 Qxe4 13. Re1 Qg6 14.
Bf4 Rfe8 15. Qd2 c6 16. c4 Rxe1+ 17. Rxe1 Re8 18. Be5 Qe6 19. d5 cxd5 20. cxd5
Qf5 21. Bd4 1/2-1/2

[Event "Madrid ch  2012-13 - Semifinal A"]
[Site "Madrid ESP"]
[Date "2013.03.18"]
[Round "5.3"]
[White "Arauz Alonso, Fernando"]
[Black "Nieto De La Cruz, Julio"]
[Result "1/2-1/2"]
[WhiteElo "2084"]
[BlackElo "2111"]
[PlyCount "83"]
[EventDate "2013.03.11"]
[EventType "swiss"]
[EventRounds "9"]
[EventCountry "ESP"]
[Source "lmi"]
[SourceDate "2013.03.11"]

1. d4 g6 2. Nf3 Bg7 3. c4 d6 4. g3 c5 5. Bg2 cxd4 6. Nxd4 Nf6 7. O-O O-O 8. Nc3
Nc6 9. Nxc6 bxc6 10. Bxc6 Bh3 11. Re1 Rb8 12. Bf3 Nd7 13. Qc2 Ne5 14. Nd5 e6
15. Nf4 Bf5 16. Be4 Bxe4 17. Qxe4 Qc7 18. Rb1 Nxc4 19. b3 Ne5 20. Bb2 Qa5 21.
Nd3 d5 22. Qe3 Nxd3 23. Bxg7 Kxg7 24. Qxd3 Qxa2 25. e4 dxe4 26. Rxe4 Rfd8 27.
Qc3+ Kg8 28. Ree1 Rd7 29. Qf3 Rd5 30. Rec1 Rf5 31. Qe3 Rbb5 32. Qd4 Rb8 33. b4
Rd5 34. Qf4 Rbd8 35. Ra1 Qb2 36. Rab1 Qe2 37. Kg2 e5 38. Qf6 R5d6 39. Re1 Qd2
40. Qxe5 Re6 41. Qa5 Rd5 42. Rxe6 1/2-1/2

[Event "Madrid ch  2012-13 - Semifinal A"]
[Site "Madrid ESP"]
[Date "2013.03.18"]
[Round "5.4"]
[White "Martin Martin, Luis Vicente"]
[Black "Garcia Galeote, Lorenzo"]
[Result "1/2-1/2"]
[WhiteElo "2030"]
[BlackElo "1997"]
[PlyCount "25"]
[EventDate "2013.03.11"]
[EventType "swiss"]
[EventRounds "9"]
[EventCountry "ESP"]
[Source "lmi"]
[SourceDate "2013.03.11"]

1. d4 e6 2. Nf3 f5 3. Bf4 d5 4. e3 Nf6 5. Bd3 Be7 6. h3 O-O 7. Nbd2 b6 8. Qe2
Bb7 9. Ne5 Nbd7 10. O-O Nxe5 11. Bxe5 Ne4 12. f3 Nxd2 13. Qxd2 1/2-1/2

[Event "Madrid ch  2012-13 - Semifinal A"]
[Site "Madrid ESP"]
[Date "2013.03.18"]
[Round "5.5"]
[White "Lopez De Turiso, Jose Angel"]
[Black "Mansilla Tolosa, Luis"]
[Result "1-0"]
[WhiteElo "2066"]
[BlackElo "2036"]
[PlyCount "81"]
[EventDate "2013.03.11"]
[EventType "swiss"]
[EventRounds "9"]
[EventCountry "ESP"]
[Source "lmi"]
[SourceDate "2013.03.11"]

1. Nf3 Nf6 2. c4 c6 3. Nc3 d5 4. cxd5 cxd5 5. d4 g6 6. Qb3 Bg7 7. Bg5 e6 8. e3
O-O 9. Bd3 Qb6 10. Qxb6 axb6 11. h3 Nc6 12. Bf4 Nb4 13. Bb1 Bd7 14. Bd6 Nc6 15.
Bxf8 Bxf8 16. Bd3 Bd6 17. O-O Ne8 18. Nb5 Be7 19. Ne5 Nxe5 20. dxe5 f6 21. f4
fxe5 22. fxe5 Bc5 23. Nd4 Ng7 24. a3 Nf5 25. Bxf5 gxf5 26. b4 Be7 27. Kf2 Rf8
28. Ke2 Ra8 29. Rac1 Bd8 30. Rc3 Be8 31. g4 fxg4 32. hxg4 Bd7 33. Kd2 Ra4 34.
Kc1 Ra8 35. Kb2 b5 36. Rc2 Bg5 37. Rf3 Bd8 38. Rh3 Be8 39. Nxe6 Bg6 40. Rc5 Bf7
41. Nd4 1-0

[Event "Madrid ch  2012-13 - Semifinal A"]
[Site "Madrid ESP"]
[Date "2013.03.18"]
[Round "5.6"]
[White "Lorenzo Bailador, Alfredo"]
[Black "Pinel Mirasierra, Jose Pablo"]
[Result "0-1"]
[WhiteElo "2016"]
[BlackElo "1928"]
[PlyCount "134"]
[EventDate "2013.03.11"]
[EventType "swiss"]
[EventRounds "9"]
[EventCountry "ESP"]
[Source "lmi"]
[SourceDate "2013.03.11"]

1. e4 c6 2. d4 d5 3. exd5 cxd5 4. Bd3 Nf6 5. h3 g6 6. Nf3 Bg7 7. O-O Nc6 8. c3
O-O 9. Bf4 Bf5 10. Bxf5 gxf5 11. Ne5 e6 12. Nd2 Ne4 13. f3 Nxd2 14. Qxd2 Re8
15. Rfe1 Rc8 16. Re2 Nxe5 17. Bxe5 Bxe5 18. Rxe5 Qh4 19. Kh2 f4 20. Qe1 Qh6 21.
g3 fxg3+ 22. Qxg3+ Kh8 23. Qg5 Qxg5 24. Rxg5 Rg8 25. Rg4 Rg6 26. Kg3 Kg7 27.
Kf2 Kf6 28. a4 Rcg8 29. Ra3 h5 30. Rxg6+ fxg6 31. a5 Rc8 32. Rb3 Rc7 33. Kg3
Kf5 34. Rb5 Kf6 35. h4 g5 36. hxg5+ Kxg5 37. Rc5 h4+ 38. Kh3 Rf7 39. Kg2 Kf4
40. c4 Rg7+ 41. Kh2 dxc4 42. Rxc4 Kxf3 43. Rb4 Ke3 44. Kh3 Re7 45. Rb3+ Kxd4
46. Kxh4 Rg7 47. Rb4+ Kc5 48. Re4 Kd5 49. Re1 Rg2 50. Rd1+ Kc4 51. b3+ Kb4 52.
Rd7 Kxa5 53. Rxb7 e5 54. Rxa7+ Kb4 55. Re7 Re2 56. Rb7+ Kc3 57. Kg4 Rf2 58. Kg3
Rf6 59. Rc7+ Kd3 60. Rd7+ Ke3 61. Kg4 e4 62. Ra7 Kd3 63. b4 e3 64. Ra3+ Ke4 65.
Ra1 Rg6+ 66. Kh3 e2 67. b5 Kf3 0-1

[Event "Madrid ch  2012-13 - Semifinal A"]
[Site "Madrid ESP"]
[Date "2013.03.18"]
[Round "5.7"]
[White "Spitzer Isbert, Ramon"]
[Black "Martos De La Vega, Alvar"]
[Result "1/2-1/2"]
[WhiteElo "2089"]
[BlackElo "1973"]
[PlyCount "88"]
[EventDate "2013.03.11"]
[EventType "swiss"]
[EventRounds "9"]
[EventCountry "ESP"]
[Source "lmi"]
[SourceDate "2013.03.11"]

1. c4 Nf6 2. Nc3 g6 3. e4 d6 4. d4 Bg7 5. Nf3 O-O 6. Be2 e5 7. O-O Nc6 8. d5
Ne7 9. Bg5 h6 10. Bh4 g5 11. Bg3 Nh5 12. Ne1 Nf4 13. Bf3 c5 14. Nc2 f5 15. Rb1
g4 16. Bxf4 exf4 17. Be2 h5 18. Bd3 Ng6 19. Re1 Be5 20. exf5 Bxf5 21. Bxf5 Rxf5
22. Qd3 Qd7 23. b4 b6 24. bxc5 dxc5 25. Re4 Raf8 26. Rbe1 Qg7 27. Nd1 Nh4 28.
Kh1 Qf6 29. d6 Qxd6 30. Qxd6 Bxd6 31. Nc3 Ng6 32. Re6 Be5 33. Rxg6+ Kh7 34.
Rxe5 Rxe5 35. Rd6 Rf7 36. Kg1 Kg7 37. Kf1 Rf6 38. Rd7+ Rf7 39. Rd5 Rfe7 40. Rd6
R7e6 41. Rd3 Kf7 42. Rd1 Kg6 43. Ne1 Rf5 44. Rd8 Kg7 1/2-1/2

[Event "Madrid ch  2012-13 - Semifinal A"]
[Site "Madrid ESP"]
[Date "2013.03.18"]
[Round "5.8"]
[White "Gonzalez Perez, Pedro"]
[Black "Lopez Heras, Arturo"]
[Result "0-1"]
[WhiteElo "2040"]
[BlackElo "1946"]
[PlyCount "78"]
[EventDate "2013.03.11"]
[EventType "swiss"]
[EventRounds "9"]
[EventCountry "ESP"]
[Source "lmi"]
[SourceDate "2013.03.11"]

1. d4 Nf6 2. c4 g6 3. Nc3 Bg7 4. Nf3 O-O 5. g3 d6 6. Bg2 Nc6 7. O-O a6 8. h3
Rb8 9. e4 Bd7 10. Re1 e5 11. Be3 b5 12. dxe5 dxe5 13. Bc5 Re8 14. cxb5 axb5 15.
Qc2 Qc8 16. Kh2 Qa6 17. Bf1 Nd4 18. Nxd4 exd4 19. Bxd4 Ng4+ 20. hxg4 Bxd4 21.
a4 Qf6 22. Nd5 Qg7 23. g5 bxa4 24. Qxc7 Bg4 25. Qf4 Be6 26. Nf6+ Bxf6 27. gxf6
Qf8 28. Rxa4 Rxb2 29. Re2 Rb1 30. Bh3 Bxh3 31. Kxh3 Rh1+ 32. Kg2 Rh5 33. Rb2 g5
34. Qf5 Qh6 35. Ra7 Rh2+ 36. Kf3 Qh5+ 37. Ke3 Rh1 38. Qf3 g4 39. Ra5 gxf3 0-1

[Event "Madrid ch  2012-13 - Semifinal A"]
[Site "Madrid ESP"]
[Date "2013.03.18"]
[Round "5.9"]
[White "Gomez Ferrer, Jesus"]
[Black "Santamaria Baeza, Adolfo"]
[Result "1-0"]
[WhiteElo "2001"]
[BlackElo "1891"]
[PlyCount "81"]
[EventDate "2013.03.11"]
[EventType "swiss"]
[EventRounds "9"]
[EventCountry "ESP"]
[Source "lmi"]
[SourceDate "2013.03.11"]

1. d4 Nf6 2. c4 e6 3. Nf3 b6 4. a3 Bb7 5. Nc3 g6 6. Bf4 Bg7 7. Qd2 d6 8. Bh6
O-O 9. Bxg7 Kxg7 10. h4 h6 11. O-O-O Nc6 12. Qf4 Nh5 13. Qh2 Nf6 14. e4 Na5 15.
Bd3 c5 16. e5 Ne8 17. d5 exd5 18. cxd5 dxe5 19. Qxe5+ Qf6 20. Qg3 Nd6 21. h5 g5
22. Nd2 Rfe8 23. Rhf1 c4 24. Bc2 Nf5 25. Qg4 Nd4 26. Nde4 Nab3+ 27. Kb1 Qd8 28.
Bxb3 f5 29. Qh3 g4 30. Qg3 Nxb3 31. Nd6 Qd7 32. Nxe8+ Rxe8 33. f3 Re3 34. Rfe1
Rxe1 35. Qxe1 Kf6 36. Qe3 Qg7 37. Qe6+ Kg5 38. f4+ Kxf4 39. Rf1+ Kg3 40. Qe1+
Kh2 41. Qh4+ 1-0

[Event "Madrid ch  2012-13 - Semifinal A"]
[Site "Madrid ESP"]
[Date "2013.03.18"]
[Round "5.10"]
[White "Gonzalez Mateos, Rafael"]
[Black "Baeza Escudero, Javier"]
[Result "1-0"]
[WhiteElo "2110"]
[BlackElo "2015"]
[PlyCount "115"]
[EventDate "2013.03.11"]
[EventType "swiss"]
[EventRounds "9"]
[EventCountry "ESP"]
[Source "lmi"]
[SourceDate "2013.03.11"]

1. d4 d5 2. c3 Nf6 3. Bg5 Nbd7 4. Nf3 h6 5. Bh4 e6 6. Nbd2 Be7 7. e3 O-O 8. Bd3
b6 9. Qc2 Bb7 10. O-O-O c5 11. Rdg1 c4 12. Be2 Ne4 13. Bxe7 Qxe7 14. Nxe4 dxe4
15. Nd2 e5 16. Bxc4 exd4 17. exd4 a6 18. Re1 Nf6 19. f3 Qc7 20. fxe4 Bxe4 21.
Nxe4 Nxe4 22. Qxe4 Qxc4 23. Kb1 b5 24. Re3 a5 25. Rd1 Rfc8 26. d5 Qc5 27. Red3
Qd6 28. g3 Ra6 29. Qf4 Qg6 30. Ka1 Rd6 31. a3 Qh5 32. Qd2 Qf5 33. Rd4 Qd7 34.
g4 Re8 35. h4 Re5 36. g5 hxg5 37. hxg5 Qf5 38. c4 bxc4 39. Qxa5 Qxg5 40. Rxc4
Rdxd5 41. Qa8+ Kh7 42. Rh1+ Kg6 43. Rc6+ f6 44. Qh8 Qd2 45. Qh7+ Kf7 46. Rc7+
Rd7 47. Rhc1 Qd6 48. Rc8 Rg5 49. Qg8+ Kg6 50. Qe8+ Rf7 51. Qe4+ f5 52. Qe8 Qd7
53. R8c6+ Kh5 54. Qh8+ Kg4 55. Rg1+ Kf4 56. Rc4+ Kf3 57. Qh1+ Kf2 58. Rc2+ 1-0

[Event "Madrid ch  2012-13 - Semifinal A"]
[Site "Madrid ESP"]
[Date "2013.03.18"]
[Round "5.12"]
[White "Hernandez Garcia, Carlos"]
[Black "Perez Cameselle, Francisco Jose"]
[Result "1/2-1/2"]
[WhiteElo "2025"]
[BlackElo "1875"]
[PlyCount "70"]
[EventDate "2013.03.11"]
[EventType "swiss"]
[EventRounds "9"]
[EventCountry "ESP"]
[Source "lmi"]
[SourceDate "2013.03.11"]

1. e4 g6 2. d4 c6 3. Nc3 d5 4. e5 Bg7 5. Be2 Nh6 6. Nf3 Bg4 7. h3 Bxf3 8. Bxf3
e6 9. g4 Nd7 10. Be3 f6 11. exf6 Bf8 12. g5 Nf5 13. Qd2 h6 14. Bg4 hxg5 15.
Bxg5 Nxf6 16. O-O-O Be7 17. Bxf5 gxf5 18. Rde1 Ne4 19. Nxe4 fxe4 20. h4 Kd7 21.
f3 exf3 22. Qe3 Bxg5 23. hxg5 Qe7 24. g6 f2 25. Qxf2 Qg5+ 26. Kb1 Qxg6 27. Rhg1
Qh7 28. Qf6 Rag8 29. Qxe6+ Kc7 30. a3 Rxg1 31. Rxg1 Kb6 32. Qd6 Qc7 33. Qf6 Rd8
34. Rg7 Rd7 35. Rxd7 Qxd7 1/2-1/2

[Event "Madrid ch  2012-13 - Semifinal A"]
[Site "Madrid ESP"]
[Date "2013.03.18"]
[Round "5.13"]
[White "Cano Mercado, Francisco Manuel"]
[Black "Montes De Santiago, Fernando"]
[Result "0-1"]
[WhiteElo "1870"]
[BlackElo "1840"]
[PlyCount "98"]
[EventDate "2013.03.11"]
[EventType "swiss"]
[EventRounds "9"]
[EventCountry "ESP"]
[Source "lmi"]
[SourceDate "2013.03.11"]

1. d4 d5 2. Nf3 Nf6 3. Bg5 Nbd7 4. e3 e6 5. Nbd2 c6 6. c3 Qc7 7. Be2 Bd6 8. Qc2
O-O 9. Rc1 Re8 10. a3 a6 11. c4 h6 12. c5 hxg5 13. cxd6 Qxd6 14. Nxg5 e5 15.
dxe5 Nxe5 16. O-O Neg4 17. Ndf3 Ne4 18. h3 Nxg5 19. hxg4 Ne4 20. Nd2 Nf6 21. g5
Ne4 22. Nxe4 Rxe4 23. Bd3 Rh4 24. f4 Bd7 25. Qf2 Rh5 26. Qg3 g6 27. Rfd1 Qc7
28. Be2 Rh8 29. Rxd5 Re8 30. Rd3 Bf5 31. Rdc3 Qb6 32. b4 Kg7 33. Kf2 Re7 34.
Bd3 Bxd3 35. Rxd3 Rhe8 36. Rcc3 a5 37. Rb3 axb4 38. axb4 Re4 39. Qh3 Rxf4+ 40.
Kg3 Rf5 41. Qh6+ Kg8 42. Kh2 Qc7+ 43. Kh3 Qe7 44. g4 Rf3+ 45. Kg2 Qe4 46. Rd4
Qc2+ 47. Kxf3 Qxb3 48. Re4 Qd1+ 49. Kf4 Qf1+ 0-1

[Event "Madrid ch  2012-13 - Semifinal A"]
[Site "Madrid ESP"]
[Date "2013.03.18"]
[Round "5.14"]
[White "Saber, Salah"]
[Black "Morera Rodriguez, Ignacio"]
[Result "1-0"]
[WhiteElo "1863"]
[BlackElo "1866"]
[PlyCount "37"]
[EventDate "2013.03.11"]
[EventType "swiss"]
[EventRounds "9"]
[EventCountry "ESP"]
[Source "lmi"]
[SourceDate "2013.03.11"]

1. e4 c5 2. Nf3 d6 3. Bb5+ Bd7 4. Bxd7+ Qxd7 5. c3 d5 6. exd5 Qxd5 7. O-O Nf6
8. d4 cxd4 9. cxd4 Nc6 10. Nc3 Qa5 11. a3 g6 12. b4 Nxb4 13. Qb3 Rc8 14. Ne5 e6
15. Bg5 Nbd5 16. Nxd5 Qxd5 17. Qa4+ b5 18. Qxa7 Bg7 19. Qxf7+ 1-0

[Event "Madrid ch  2012-13 - Semifinal A"]
[Site "Madrid ESP"]
[Date "2013.03.19"]
[Round "6.1"]
[White "De La Puerta Cresis, Javier"]
[Black "Ballesteros Gonzalez, David"]
[Result "1-0"]
[WhiteElo "2019"]
[BlackElo "2231"]
[PlyCount "49"]
[EventDate "2013.03.11"]
[EventType "swiss"]
[EventRounds "9"]
[EventCountry "ESP"]
[Source "lmi"]
[SourceDate "2013.03.11"]

1. e4 d6 2. d4 g6 3. Nc3 c6 4. Bg5 Qb6 5. Qd2 Qxb2 6. Rb1 Qa3 7. f4 Bg7 8. Nf3
h6 9. Bh4 b5 10. Rxb5 Nf6 11. Rb3 Qa5 12. Bd3 Nbd7 13. e5 dxe5 14. fxe5 Nd5 15.
e6 fxe6 16. Bxg6+ Kd8 17. O-O Ba6 18. Bd3 Bxd3 19. Qxd3 Nxc3 20. Rxc3 c5 21.
Ne5 Kc7 22. Bxe7 Bxe5 23. dxe5 Qb6 24. Qe4 Rac8 25. Bxc5 1-0